00551nam a2200193Ia 4500003000400000008004100004020001500045040001600060082001300076100001800089245006600107700001700173260005200190300002700242490003000269650002300299650001500322650002000337GCL140319s9999 xx 000 0 eng d a1857150012 aGCL / cGCL04a823bE M1 aELIOT, GEORGE10aMIDDLE MARCH : bA STUDY OF PROVINCIAL LIFE / cELIOT, GEORGE1 aSHAFFER, E.S aانجلترا : bEVERYMAN'S LIBRARY ، c1991 a21 P ؛ cXXXIX, 888 P aTHE MILLENNIUM LIBRARYv604aENGLISH LITERATURE04aLITERATURE04aENGLISH FICTION